Бухгалтерський фінансовий облік на підприємствах України (Запис № 315660)

МАРК-запис
000 -Лідер
fixed length control field 00778nam a22002657a 4500
003 - Ідентифікатор контрольного номера
control field UA-OsUOA
001 - Контрольний номер
control field 29278
007 - Фіксоване поле фізичного опису
fixed length control field ta
008 - Елементи даних фіксованої довжини – загальна інформація
fixed length control field 20041006b un ||||| |||| 00| 0 ukr d
090 ## - Локальний шифр розміщення
Класифікаційний індекс УДК 657(075.8)
Авторський знак (НП) Т48
040 ## - Джерело каталогізації
Агенція оригінальної каталогізації UA-OsUOA
Мова каталогізації ukr
Агенція, яка здійснювала перезапис UA-OsUOA
Агенція, яка здійснювала модифікацію UA-OsUOA
041 ## - Код мови
Код мови тексту/ звукової доріжки чи окремого заголовка (П) ukr
080 ## - Індекс Універсальної десяткової класифікації
Індекс Універсальної десяткової класифікації (УДК) (НП) 657(075.8)
020 ## - Міжнародний стандартний книжковий номер (ISBN)
Міжнародний стандартний книжковий номер (ISBN) (НП) 966-8291-55-7
044 ## - Код країни видавця/ виробника
Код країни видавця/ виробника (П) UA
100 ## - Основне введення – ім’я особи
Ім’я особи (НП) Ткаченко Н.М.
245 ## - Відомості про назву
Назва (НП) Бухгалтерський фінансовий облік на підприємствах України
Решта назви (НП) Підручник для студентів екон. спец. вищих закладів
260 ## - Публікація, розповсюдження і т.п. (Вихідні дані)
Місце публікації, розповсюдження і т.п. (П) Київ
Ім’я/ наймення видавництва, розповсюджувача і т.п. (П) А.С.К.
Дата публікації, розповсюдження і т.п. (П) 2003
250 ## - Відомості про видання (редакцію)
-- 6-те вид.
300 ## - Фізичний опис
Обсяг 784 с.
650 #7 - Додаткове предметне введення – тематичний термін
Джерело заголовка чи терміна UDC
942 ## - Додаткові елементи входу (Коха)
Тип елемента Koha Книги
955 ## - Код типу видання за змістом
Код типу видання за змістом (НП) інше
Фонди
Стан вилучень Стан втрат Джерело класифікації або схеми стелажів Стан уражень Не для кредиту Постійне місце розташування Поточне розміщення Дата придбання Інвентарний номер Усього замовленно Повний номер виклику Штрих-код Дата останнього перегляду Ціна ефективна від Тип елемента Koha Усього утримується Вартість, звичайна ціна покупки
    Universal Decimal Classification     АБ - Абонемент НБ АБ - Абонемент НБ 22/08/2006 57818   657(075.8) Т48 57818 28/12/2021 06/10/2004 Книги    
    Universal Decimal Classification     АБ - Абонемент НБ АБ - Абонемент НБ 22/08/2006 57819   657(075.8) Т48 57819 28/12/2021 06/10/2004 Книги    
    Universal Decimal Classification     АБ - Абонемент НБ АБ - Абонемент НБ 22/08/2006 57820   657(075.8) Т48 57820 28/12/2021 06/10/2004 Книги    
    Universal Decimal Classification     АБ - Абонемент НБ АБ - Абонемент НБ 22/08/2006 57821   657(075.8) Т48 57821 28/12/2021 06/10/2004 Книги    
    Universal Decimal Classification     АБ - Абонемент НБ АБ - Абонемент НБ 22/08/2006 57823   657(075.8) Т48 57823 28/12/2021 06/10/2004 Книги    
    Universal Decimal Classification     АБ - Абонемент НБ АБ - Абонемент НБ 22/08/2006 57824   657(075.8) Т48 57824 28/12/2021 06/10/2004 Книги    
    Universal Decimal Classification     АБ - Абонемент НБ АБ - Абонемент НБ 22/08/2006 57826   657(075.8) Т48 57826 28/12/2021 06/10/2004 Книги    
    Universal Decimal Classification     АБ - Абонемент НБ АБ - Абонемент НБ 22/08/2006 57828   657(075.8) Т48 57828 28/12/2021 06/10/2004 Книги    
    Universal Decimal Classification     АБ - Абонемент НБ АБ - Абонемент НБ 22/08/2006 57829   657(075.8) Т48 57829 28/12/2021 06/10/2004 Книги    
    Universal Decimal Classification     АБ - Абонемент НБ АБ - Абонемент НБ 22/08/2006 57830   657(075.8) Т48 57830 28/12/2021 06/10/2004 Книги    
    Universal Decimal Classification     АБ - Абонемент НБ АБ - Абонемент НБ 22/08/2006 57831   657(075.8) Т48 57831 09/05/2022 06/10/2004 Книги 1  
    Universal Decimal Classification     АБ - Абонемент НБ АБ - Абонемент НБ 22/08/2006 57832   657(075.8) Т48 57832 28/12/2021 06/10/2004 Книги    
    Universal Decimal Classification     АБ - Абонемент НБ АБ - Абонемент НБ 22/08/2006 57833   657(075.8) Т48 57833 28/12/2021 06/10/2004 Книги    
    Universal Decimal Classification     АБ - Абонемент НБ АБ - Абонемент НБ 22/08/2006 57835   657(075.8) Т48 57835 28/12/2021 06/10/2004 Книги    
    Universal Decimal Classification     АБ - Абонемент НБ АБ - Абонемент НБ 22/08/2006 58732   657(075.8) Т48 58732 28/12/2021 06/10/2004 Книги    
    Universal Decimal Classification     АБ - Абонемент НБ АБ - Абонемент НБ 06/10/2004 93998   657(075.8) Т48 93998 28/12/2021 06/10/2004 Книги   26.00